000 00864cab a2200241 4500
001 ABS57425
008 090401t1997 xxu||||| |||| 00| 0 eng d
035 _a(Sirsi) u80534
041 _aeng
100 _aSkitmore, M.
245 4 _aThe effect of contract type and size on competitiveness in bidding
260 _c1997
350 _a0
490 _aConstruction Management & Economics
_v15(5) 1997, 469-489
520 _aDescribes an equation relating competitiveness when bidding for a contract to contract type and size. The model shows that the difference in competitiveness is greater for different contract sizes than for different contract types.
650 _aBIDDING
650 _aCOMPETITIVENESS
650 _aCONTRACTORS
690 _aBUILT ENVIRONMENT-BUILDING CONTRACT FORMS
700 _aDrew, D
942 _n0
948 _c28/08/1997
999 _c50708
_d50708